FORESTRY technology in Japan

Bibliographic Details
Other Authors: Matsuda
Format: Book
Published: Tokyo : Japan FAO Association , 1975
Subjects:

MARC

LEADER 00000cam a2200000 7i4500
001 0000001465
005 20010630.0
090 0 0 |a 634.90952   |b FOR 1975 
245 0 0 |a FORESTRY technology in Japan   |c compiled by Shoji Matsuda 
260 0 0 |a Tokyo :   |b Japan FAO Association ,   |c 1975 
300 |a 47 p. ;   |c 21 cm. 
650 0 0 |a Forests and forestry   |z Japan 
700 0 1 |a Matsuda   |h Shoji 
998 |a JPSM 
999 |a 0000002466   |b Monograph   |c Open Shelf   |e Default branch 
999 |a 0000002467   |b Monograph   |c Open Shelf   |e Default branch